Implicaciones éticas de la ciencia en ingeniería genética
Na minha lista:
| Autor principal: | |
|---|---|
| Formato: | Livro |
| Idioma: | Spanish |
| Publicado em: |
San José, Costa Rica
Universidad de Costa Rica, Escuela de Filosofía
2001
|
| Assuntos: | |
| Tags: |
Adicionar Tag
Sem tags, seja o primeiro a adicionar uma tag!
|
MARC
| LEADER | 00000nam a2200000Ia 4500 | ||
|---|---|---|---|
| 008 | 170316s9999 xx 000 0 spa d | ||
| 999 | |c 30769 |d 30769 | ||
| 040 | |a cru BVZT | ||
| 090 | |a TESIS 638 | ||
| 100 | |a Muñoz Varela, Luis | ||
| 245 | |a Implicaciones éticas de la ciencia en ingeniería genética |c Luis Muñoz Varela | ||
| 260 | |a San José, Costa Rica | ||
| 260 | |b Universidad de Costa Rica, Escuela de Filosofía | ||
| 260 | |c 2001 | ||
| 300 | |a 270 páginas | ||
| 650 | |a TRABAJO FINAL DE GRADUACIÓN |9 237 | ||
| 650 | |a LICENCIATURA EN FILOSOFÍA | ||
| 650 | |a INVESTIGACIÓN CIENTÍFICA EN INGENIERÍA GENÉTICA | ||
| 650 | |a INGENIERÍA GENÉTICA Y RACIONALIDAD CIENTÍFICA | ||
| 650 | |a IMPLICACIONES ÉTICAS DE LA CIENCIA EN INGENIERÍA GENÉTICA | ||
| 650 | |a BIOÉTICA |9 272 | ||
| 942 | |c TFG |h TESIS 638 |2 z | ||
